Quiz Drag Race France ordre d'élimination - Statistiques

Statistiques générales
  • Ce quiz a été pris 267 fois
  • Le résultat moyen est 9 sur 10
Statistiques - réponses
Hint Réponse % Correct
1ère éliminée La Kahena
97%
Gagnante Paloma
96%
Finaliste Soa de Muse
95%
5ème éliminée Elips
94%
3ème éliminée La Briochée
94%
Finaliste La Grande Dame
94%
4ème éliminée Kam Hugh
91%
7ème éliminée Lolita Banana
91%
2ème éliminée Lova la Diva
91%
6ème éliminée Big Bertha
81%
Aucun quiz correspondant
Distribution des résultats
% des personnes avec chaque résultat
Percentile par nombre de réponses
Votre historique - résultats
Vous n’avez pas pris ce quiz